| 000 | 00605nam a2200205 i 4500 | ||
|---|---|---|---|
| 001 | 129353 | ||
| 003 | ES-MaACL | ||
| 005 | 20250815112923.0 | ||
| 007 | t| | ||
| 008 | 070612s1963 sp ||||1| spa d | ||
| 080 | _a66(04) | ||
| 100 | 1 |
_aTheiler, Carl R. _9109893 |
|
| 245 | 1 | 0 |
_aHombres y moléculas / _cCarl R. Theiler ; traducción de Juan Godó Costa. |
| 260 |
_a[Barcelona] : _bZeus, _c[1963] |
||
| 300 |
_a256 p. : _bil. ; _c21 cm. |
||
| 650 | 1 | 7 |
_aQuímica industrial _2embne _916636 |
| 700 | 1 |
_aGodo Costa, Juan. _957532 |
|
| 852 |
_aES-MaACL _jC-25302 _bR.54144 |
||
| 999 |
_c129353 _d129353 |
||